| 000 | 00708nam a22002057a 4500 | ||
|---|---|---|---|
| 999 |
_c168547 _d168547 |
||
| 005 | 20191015105104.0 | ||
| 010 | _aENG-126656 | ||
| 020 |
_a9789353066956 _c575.00 |
||
| 035 | _aEN-110188 | ||
| 037 | _bDBAD/PUB | ||
| 082 | _a371.35 | ||
| 100 | _aDeb, Sibnath | ||
| 245 |
_aDistance education : _cby Sibnath Dev [and] Vimala Veeraraghavan _bprospects, challenges and way forward / |
||
| 260 |
_aNoida _bPearson India Education Services _c2019 |
||
| 270 |
_a15th Floor, Tower-B, World Trade Tower, Plot No.1 _bBlock-C, Sector-16, Noida _e201301 |
||
| 300 |
_axvi;292p. _c22cm(pbk) |
||
| 500 | _aIncludes references | ||
| 700 | _aVeeraraghavan, Vimala | ||
| 942 |
_2ddc _cEN _h371.35 _mDEB |
||